Online
Catalog

En vos confío / (Record no. 24336)

MARC details
000 -CABECERA
campo de control de longitud fija 00555nam a2200169 a 4500
001 - NÚMERO DE CONTROL
campo de control 000024843
005 - FECHA Y HORA DE LA ÚLTIMA TRANSACCIÓN
campo de control 20200930023413.0
008 - DATOS DE LONGITUD FIJA--INFORMACIÓN GENERAL
campo de control de longitud fija 110204s1974 cauac r 000 0 spa d
040 ## - FUENTE DE LA CATALOGACIÓN
Centro catalogador/agencia de origen DO-SdBNP
Lengua de catalogación spa
Centro/agencia transcriptor BNPHU
082 ## - NÚMERO DE LA CLASIFICACIÓN DECIMAL DEWEY
Número de documento/Ítem E56
245 01 - MENCIÓN DE TÍTULO
Título En vos confío /
Mención de responsabilidad, etc. revisado por Sri Ramatherio ; edición privada y limitada.
260 ## - PUBLICACIÓN, DISTRIBUCIÓN, ETC.
Lugar de publicación, distribución, etc. San José, California :
Nombre del editor, distribuidor, etc. Gran Logia Suprema de Amorc,
Fecha de publicación, distribución, etc. [1974].
300 ## - DESCRIPCIÓN FÍSICA
Extensión 170 p. :
Otras características físicas il., retrs. ;
Dimensiones 20 cm.
490 1# - MENCIÓN DE SERIE
Mención de serie Biblioteca Rosacruz
700 1# - PUNTO DE ACCESO ADICIONAL--NOMBRE DE PERSONA
Nombre de persona Ramatherio, Sri.
9 (RLIN) 50991
830 #0 - PUNTO DE ACCESO ADICIONAL DE SERIE-TÍTULO UNIFORME
Título uniforme Biblioteca Rosacruz
9 (RLIN) 40635
Holdings
Estado de retiro Estado de pérdida Restricciones de uso No para préstamo Código de colección Localización permanente Ubicación/localización actual Ubicación en estantería Fecha de adquisición Número de inventario Total de préstamos Signatura topográfica completa Código de barras Fecha visto por última vez Precio válido a partir de Tipo de ítem Koha
        Monografías: Libros y Folletos General General Depósito 04.02.2011 LF1   E56 24843-10 25.06.2020 25.06.2020 Préstamo en sala
  Extraviado   Excluido de préstamo Monografías: Libros y Folletos General General Extraviado 22.05.2017 LF1   E56 24843-20 25.06.2020 25.06.2020 No se presta

Powered by Koha